| Tag |
First Indicator |
Second Indicator |
Subfields |
| LEADER |
00000cam a2200000 i 4500 |
| 001 |
in00004002113 |
| 005 |
20181023092623.0 |
| 008 |
171011t20182018onc 000 p eng c |
| 020 |
|
|
|a 148752286X
|
| 020 |
|
|
|a 9781487522865
|
| 020 |
|
|
|a 1487503768
|
| 020 |
|
|
|a 9781487503765
|
| 035 |
|
|
|a (OCoLC)on1005872057
|
| 040 |
|
|
|a NLC
|b eng
|e rda
|c NLC
|d CDX
|d C#P
|d UtOrBLW
|
| 041 |
1 |
|
|a eng
|h ita
|
| 049 |
|
|
|a TXAM
|
| 050 |
|
4 |
|a PQ4471 G3
|b A2 2018
|
| 055 |
|
0 |
|a PQ4471 G3
|b A2 2018
|
| 082 |
0 |
|
|a 851/.1
|2 23
|
| 100 |
0 |
|
|a Giacomo,
|c da Lentini,
|d active 13th century,
|e author.
|
| 240 |
1 |
0 |
|a Poems.
|l English
|
| 245 |
1 |
4 |
|a The complete poetry /
|c Giacomo da Lentini ; translation and notes by Richard Lansing ; introduction by Akash Kumar.
|
| 264 |
|
1 |
|a Toronto ;
|a Buffalo :
|b University of Toronto Press,
|c [2018]
|
| 264 |
|
4 |
|c ©2018
|
| 300 |
|
|
|a 186 pages ;
|c 24 cm.
|
| 336 |
|
|
|a text
|b txt
|2 rdacontent
|
| 337 |
|
|
|a unmediated
|b n
|2 rdamedia
|
| 338 |
|
|
|a volume
|b nc
|2 rdacarrier
|
| 490 |
1 |
|
|a The Da Ponte Italian library
|
| 504 |
|
|
|a Includes bibliographical references (pages [179]-182) and indexes.
|
| 505 |
0 |
|
|a Introduction; The Canzoni and Discordo; The Tenzoni; The Sonnets; The Lyrics of dubious authorship; Notes to the poems; Bibliography; Index of first lines; Index of names.
|
| 520 |
|
|
|a This volume presents the first translation in English of the complete poetry of Giacomo da Lentini, the first major lyric poet of the Italian vernacular. He was the leading exponent of the Sicilian School (c.1220-1270) as well as the inventor of the sonnet. Featuring illustrations and new English translations of some forty lyrics, Richard Lansing revives the work of a pioneer of Italian literature, a poet who helped pave the way for later writers such as Dante and Petrarch. Giacomo da Lentini is hailed as the earliest poet to import the Occitan tradition of love poetry into the Italian vernacular. This edition of Giacomo fills a gap in the canon of translations of Italian literature in English and serves as a vital reference source for students as well as scholars and teachers interested in the literature of the romance languages. Giacomo da Lentini was an Italian poet of the 13th century and a member of the Sicilian School during the reign of Frederick II. The topics of his poetry primarily concerned courtly and chivalrous love.
|
| 700 |
1 |
|
|a Lansing, Richard H.,
|e translator.
|0 http://id.loc.gov/authorities/names/n77019025
|
| 830 |
|
0 |
|a Lorenzo da Ponte Italian library.
|0 http://id.loc.gov/authorities/names/no2004115454
|
| 945 |
|
|
|b 609141
|
| 947 |
|
|
|a A14850491045
|
| 948 |
|
|
|a cataloged
|b h
|c 2018/7/2
|d c
|e dmitchel
|f 1:30:20 pm
|
| 994 |
|
|
|a 92
|b TXA
|
| 999 |
f |
f |
|s 997e295e-7aa5-3cc3-9d9f-82b71649adce
|i 42505a45-4e96-3923-8ed2-ac21c2ff0a3c
|t 0
|
| 952 |
f |
f |
|p normal
|a Texas A&M University
|b College Station
|c Sterling C. Evans Library
|d Evans: Library Stacks
|t 0
|e PQ4471 G3 A2 2018
|h Library of Congress classification
|i unmediated -- volume
|m A14850491045
|
| 998 |
f |
f |
|a PQ4471 G3 A2 2018
|t 0
|l Evans: Library Stacks
|